01168 a2200169 45000010006000000050017000060080041000230030015000640400040000790800034001192450038001532640041001913000019002325050713002510410008009641000026009722228720260407155512.0260407a1966 arg spa dAR-UNSa-BCEJYS aAR-UNSa-BCEJYSbspacAR-UNSa-BCEJYS a342.9xDerecho Administrativo10aTratado de derecho administrativo 1aBuenos Aires :bAbeledo Perrotc1966 a803 p.c23 cm. aTitulo V: 1. Servicios públicos - 2. Caracteres Jurídicos - 3. Creación, Organización, Modificación y supresión de servicios públicos - 4. Sistema jurídico inherente al servicio público - 5. Clasificación de los servicios públicos - 6. La retribución en los servicios públicos - 7. El administrado y el usuario en su relación con el servicio público - 8. Formas de presentación o gestión de los servicios públicos - 9. Colaboración de los particulares con la administración en la prestación de los servicios públicos - Titulo VI: 1. Actos de la administración pública - 2. Acto administrativo - 3. Actos de administración - 4. Actos de gobierno o político. aspa1 aMarienhoff, Miguel S.